000 00691nam a22002297a 4500
003 OSt
005 20260209113059.0
008 260205b |||||||| |||| 00| 0 eng d
020 _a9781496347817
050 _a REF RT48.6
_b.P44 2017
100 _4 Phelps, Linda Lee,
245 _aSparks & Taylor's nursing diagnosis reference manual /
250 _aTenth edition.
260 _aPhiladelphia :
_bWolters Kluwer,
_c2017
300 _a xxvii, 935 pages
_c 23 cm
500 _aIncludes bibliographical references and index.
650 _a Nursing diagnosis
650 _aHandbooks, manuals,
700 _4 Ralph, Sheila Sparks
700 _4Taylor, Cynthia M.,
942 _2lcc
_cBK
999 _c60148
_d60148